| 000 | 00412cam a2200157ua 4500 | ||
|---|---|---|---|
| 003 | OSt | ||
| 008 | 240213b |||||||| |||| 00| 0 eng d | ||
| 020 | _a81 204 0499 8 | ||
| 041 | _aeng | ||
| 082 |
_a662.88 _bCHA/FO |
||
| 100 |
_aChahal, D S . _96033 |
||
| 245 | _aFood,feed and fuel from biomass / | ||
| 260 |
_aNew Delhi : _bOxford & IBH Publishing company , _c1991. |
||
| 300 | _a467 ; . | ||
| 942 | _cBK | ||
| 999 |
_c10499 _d10499 |
||